| 000 | 01263cam a22003377a 4500 | ||
|---|---|---|---|
| 003 | CHAP | ||
| 005 | 20220329133831.0 | ||
| 008 | 971013s1984 r 00010 d | ||
| 010 | _a11570 | ||
| 011 | _a12542 | ||
| 035 | _a15728 | ||
| 040 | _cCHAP | ||
| 090 | _aTesis | ||
| 100 | 0 | 0 |
_aMuñoz Arellano, David. _979554 |
| 245 | 0 | _aEfecto de la fertilización y densidad de población sobre el desarrollo de los vástagos de henequén (Agave fourcroydes Lem) bajo riego en vivero utilizando tres suelos y dos sustratos del estado de Yucatán | |
| 260 |
_aSaltillo, Coah. : _bEl autor, _c1984 |
||
| 300 |
_a109 h. _b: ilus. |
||
| 502 | _aTesis (Maestro en Ciencias Esp. en Suelos) -- Univ. Autónoma Agraria Antonio Narro | ||
| 590 |
_aALEPH _b10 _c20130110 _lUCH01 _h1229 |
||
| 590 |
_aBATCH-UPD _b10 _c20130110 _lUCH01 _h1102 |
||
| 590 |
_aBATCH-UPD _b10 _c20130410 _lUCH01 _h0655 |
||
| 590 |
_aBATCH-UPD _b10 _c20130914 _lUCH01 _h1426 |
||
| 590 |
_aCONVERSION _b10 _c20130109 _lUCH01 _h1308 |
||
| 650 | 1 | 4 |
_aFertilizantes _xEfecto en henequén. _940518 |
| 650 | 1 | 4 |
_aHenequén _xEspaciamiento. _953575 |
| 650 | 1 | 4 |
_aHenequén _xYucatán. _953592 |
| 650 | 1 | 4 |
_aSustratos. _9110789 |
| 901 | _aBK | ||
| 942 | _cTESIS | ||
| 949 |
_bBC _cTES _d-27937 _eTS1 _h19591 _i15728 _si |
||
| 999 |
_c11570 _d11570 |
||